000 00285nam a2200121Ia 4500
008 190216s9999||||xx |||||||||||||| ||und||
100 _aBalakrishnan B N
245 4 _aThe Silver Lute
260 _bMacmillan India Ltd
_c1983
300 _a63p
650 _aEnglish Poetry
942 _cBK
999 _c13187
_d13187